The power of Raisina Hill : (Record no. 97954)

MARC details
000 -LEADER
fixed length control field 00751nam a22002057a 4500
005 - DATE AND TIME OF LATEST TRANSACTION
control field 20170208114030.0
010 ## - LCCN (DPL NO)
LC control number ENG-114403
020 ## - INTERNATIONAL STANDARD BOOK NUMBER
International Standard Book Number 9789351435495
Terms of availability 695.00
035 ## - SYSTEM CONTROL NUMBER
System control number EN-97935
037 ## - SOURCE OF ACQUISITION
Source of stock number/acquisition DBAD/PUB
082 ## - DEWEY DECIMAL CLASSIFICATION NUMBER
Classification number 342.54044
100 ## - MAIN ENTRY--PERSONAL NAME
Personal name Malik, Lokendra
245 ## - TITLE STATEMENT
Title The power of Raisina Hill :
Statement of responsibility, etc by Lokendra Malik; foreworded by A.K.Sikri
Remainder of title the constitutional position, functions and powers of the President of India /
260 ## - PUBLICATION, DISTRIBUTION, ETC. (IMPRINT)
Place of publication, distribution, etc Gurgaon
Name of publisher, distributor, etc LexisNexis
Date of publication, distribution, etc 2015
270 ## - ADDRESS
Address 14th Floor, Building No.10, Tower-B, DLF Cyber City, Phase-II
City Gurgaon
Postal code 122002
300 ## - PHYSICAL DESCRIPTION
Extent xxvii,470p.
Dimensions 24cm(Hb)
500 ## - GENERAL NOTE
General note Includes bibliographical references and index
700 ## - ADDED ENTRY--PERSONAL NAME
Personal name Sikri, A.K.
942 ## - ADDED ENTRY ELEMENTS (KOHA)
Source of classification or shelving scheme Dewey Decimal Classification
Item type English Books
Call number suffix MAL
Classification part 342.54044
Holdings
Withdrawn status Lost status Not for loan Collection code Home library Current library Date acquired Source of acquisition Cost, normal purchase price Full call number Barcode Copy number Cost, replacement price Koha item type
      Non-fiction Sarojini Nagar Sarojini Nagar 27/10/2015 DBAD/PUB 695.00 342.54044 MAL EN-97935 1 695.00 English Books

© Delhi Public Library
Hit Counter
free hit counter